Wiedźmin 3 - Wiedza ogólna LVL HARD - Statystyki

Ogólne statystyki
  • Ten quiz został rozwiązany 911 razy
  • Średni wynik to 40 z 144
Statystyki odpowiedzi
Podpowiedź Odpowiedź % Poprawnych
Główny Bohater Geralt
99%
Dziecko niespodzianka Ciri
98%
Wiedźmin Vesemir
97%
Wiedźmin Lambert
96%
Wiedźmin Eskel
94%
Czarodziejka Yennefer
88%
Przyjaciel głównego bohatera Jaskier
85%
Czarodziejka Triss Merigold
80%
Wiedźmin Letho
78%
Eliksir Jaskółka
76%
Znak Igni
74%
Znak Aard
73%
Dowódca gonu Eredin
73%
Dowódca partyzantów Vernon Roche
72%
Znak Quen
71%
Znak Yrden
71%
Generał gonu Imlerith
63%
Czarodziejka Keira Metz
63%
Cesarz Nilfgardu Emhyr Var Emreis
60%
Eliksir Grom
60%
Szef Wywiadu redanii Dijkstra
58%
Szef wywiadu temerii Talar
58%
Eliksir Kot
57%
Wyspa na Skellige An Skellig
55%
Nawigator gonu Caranthir
53%
Główna lokacja Novigrad
53%
Główna lokacja Velen
52%
Główna lokacja Biały sad
47%
Bestia Wilk
47%
Główna lokacja Skellige
42%
Wyspa na Skellige Ard Skellig
41%
Eliksir Puszczyk
41%
Bestia Niedźwiedź
40%
Hybryda Gryf
39%
Trupojad Utopiec
39%
Drakonid Wiwerna
37%
Główna lokacja Wyzima
36%
Relikt bies
35%
Trupojad Ghul
35%
Król Redanii Radovid
35%
Bestia Dzik
34%
Bestia Pies
34%
Upiór Południca
34%
Relikt leszy
33%
Drakonid Bazyliszek
32%
Upiór Północnica
32%
Znak Axii
31%
Wampir Bruxa
30%
Wyspa na Skellige Undvik
30%
Trupojad Alghul
29%
Trupojad Baba wodna
28%
Wampir Wampir wyższy
28%
Ogrowaty nekker
27%
Hybryda Syrena
27%
Upiór Upiór
27%
Drakonid Kuroliszek
26%
Trupojad Topielec
26%
Eliksir Biały miód
24%
Relikt Czart
24%
Hybryda Harpia
24%
Eliksir Orka
24%
Eliksir Zamieć
24%
Insektoid Krabopająk
22%
Bestia Pantera
22%
Istota magiczna Żywiołak ognia
22%
Istota magiczna Żywiołak ziemi
22%
Trupojad Baba cmentarna
21%
Ogrowaty Cyklop
21%
Wampir Ekimma
21%
Wampir Katakan
21%
Ogrowaty troll skalny
20%
Drakonid Widłogon
20%
Istota magiczna wilkołak
20%
Wampir Alp
19%
Relikt bożątko
19%
Lokacja dodatkowa (velen) Kasztel wrońce
19%
Trupojad Zgnilec
19%
Wyspa na Skellige Faroe
18%
Wiedźmin Gaetan
18%
Główna lokacja Kaer Mohren
18%
Istota magiczna poroniec
18%
Drakonid Wiwerna królewska
18%
Insektoid Endriaga wojownik
16%
Wampir Fleder
16%
Drakonid Oszluzg
16%
Hybryda Sukkub
15%
Istota magiczna żywiołak lodu
15%
Insektoid Endriaga robotnica
14%
Ogrowaty troll lodowy
14%
Wampir Garkain
13%
Wyspa na Skellige Hindarsfjall
13%
Ogrowaty Lodowy gigant
13%
Wyspa na Skellige Spikeroog
13%
Relikt doppler
12%
Hybryda Erynia
12%
Lokacja dodatkowa (velen) Krzywuchowe Moczary
12%
Trupojad mglak
12%
Upiór Morowa dziewica
12%
Insektoid Skolopendromorf
12%
Insektoid Arachnomorf
11%
Istota magiczna Archespor
10%
Upiór Him
10%
Trupojad Wicht
10%
Insektoid Endriaga truteń
9%
Insektoid Jadowity krabopająk
9%
Insektoid Kikimora robotnica
9%
Relikt borowy
8%
Hybryda Echidna
8%
Insektoid Kikimora wojownik
8%
Insektoid Pancerny krabopająk
8%
Upiór Pokutnik
8%
Relikt szarlej
8%
Upiór Barghest
7%
Bestia Bestia z Beauclair
7%
Relikt silvan
7%
Relikt klucznik
6%
Trupojad Parszywiec
6%
Wampir Protofleder
6%
Trupojad Wicht plamisty
6%
Relikt Wiedźmy
6%
Upiór Licho ze studni
5%
Lokacja dodatkowa (velen) Łysa góra
5%
Drakonid Skrzekacz
5%
Upiór Biała dama
4%
Insektoid Biała wdowa
4%
Wampir Gael
4%
Ogrowaty Goliat
4%
Upiór Beann'shie
3%
Wampir Bruxa z corvo bianco
3%
Istota magiczna człowiek niedźwiedź
3%
Istota magiczna Królewicz ropuch
3%
Upiór Leśnica
3%
Hybryda Meluzyna
3%
Wampir Sarasti
3%
Upiór Upiór z obrazów
3%
Wampir Dettlaff van der Eretein
2%
Upiór Koszmar Iris von Everec
2%
Drakonid Srebrny Bazyliszek
2%
Trupojad żalnica
2%
Upiór Zmora
2%
Relikt duch zaklęty w drzewo
1%
Relikt fugas
1%
Trupojad ignis fatuus
1%
Nie znaleziono quizów pasujących do podanych kryteriów
Rozkład punktacji
Procent ludzi z każdym wynikiem
Percentyl według liczby udzielonych odpowiedzi
Twoja historia wyników
Nie rozwiązałeś tego quizu